000 00274nam a2200121Ia 4500
008 241002s9999 xx 000 0 und d
082 _a956.94 JAM
100 _aJames, Parker
245 2 _aA History of The Jewish
260 _aN/A
_c1964
600 _aHistory
942 _cUC
999 _c18436
_d18436